| 000 | 00383cam a2200157ua 4500 | ||
|---|---|---|---|
| 041 |
_aeng _h |
||
| 082 |
_a824 _bHUX/BR |
||
| 100 | _aHuxley, Aldous . | ||
| 245 |
_aBrave new world revisited / _cAldous Huxley. _hTextual Documents |
||
| 250 |
_a1 / _b. |
||
| 260 |
_aLondon : _bChatto and Windus , _c1964. |
||
| 300 | _a163 ; . | ||
| 504 | _a | ||
| 942 | _cBK | ||
| 999 |
_c8687 _d8687 |
||